Language, power and pedagogy: bilingual children in the Crossfire

Gorde:
Xehetasun bibliografikoak
Egile nagusia: Cummins, Jim (Egilea)
Formatua: Liburua
Hizkuntza:ingelesa
Argitaratua: Clevedon Muktilingual Matters LTD 2000
Saila:Bilingual Education and Bilingualism, 23
Gaiak:
Etiketak: Etiketa erantsi
Etiketarik gabe, Izan zaitez lehena erregistro honi etiketa jartzen!

MARC

LEADER 00000nam a2200000 a 4500
001 UCM3829
003 CL-VaPUC
008 020719e20000000uk |||||||||||||||||eng|d
082 0 4 |a 370.117  |b CUM  |2 21 
100 |a Cummins, Jim  |e author  |9 421816 
245 1 0 |a Language, power and pedagogy: bilingual children in the Crossfire 
300 |a 309 p 
942 |c BK 
945 |d 20020719 00:00:00  |a vberengu 
260 |a Clevedon  |b Muktilingual Matters LTD  |c 2000 
650 0 |a Educación lingüística  |9 306506 
650 0 |a Bilingüismo  |9 307482 
650 0 |a Sociología de la educación   |9 260380 
650 7 |a GRUPOS MINORITARIOS  |2 CL-VaPUC  |9 337829 
583 |a last modification  |c 20171127 01:31:26  |k Rodrigo Vera 
490 0 |a Bilingual Education and Bilingualism, 23 
999 |c 300893  |d 300891 
952 |0 0  |1 0  |4 0  |6 370_117000000000000_CUM_2000  |7 0  |8 A  |9 359285  |a FDOPOS  |b BIBEDU  |d 2019-11-21  |i 3831205  |l 1  |o 370.117 CUM 2000  |p 3831205  |r 2024-05-03  |s 2023-09-22  |w 2019-11-21  |y BK  |k MLA